banner-ar

مواقع التواصل الاجتماعى ادوات التغييرالعصرية عبر الانترنت / (Record no. 63557)

MARC details
000 -الفاتح
حقل البيانات ثابتة الطول 00912nam a22002417a 4500
005 - وقت وتاريخ اخر تعامل مع التسجيلة
رقم الضبط 20240530110647.0
008 - عناصر البيانات ثابتة الطول - معلومات عامة
حقل البيانات ثابتة الطول 171105s2016 ua g 000 0dara d
017 ## - رقم الايداع القانونى
رقم الايداع القانونى 2016/20133
المصدر ( الهيئة المختصة) مصر. دار الكتب
020 ## - الرقم الدولى المعيارى للكتب
الرقم الدولى المعيارى للكتاب 9789777220101
040 ## - مصدر الفهرسة
وكالة الفهرسة الأصلية EG-CaGPL
وكالة النسخ EG-CaGPL
082 04 - رقم تصنيف ديوى العشرى
رقم الطبعة 21
رقم التصنيف 004.678 /
رقم المادة م م
100 1# - المدخل الرئيسى - إسم شخصى
الإسم الشخصى مارتن، جيل ز
245 10 - بيان العنوان
العنوان مواقع التواصل الاجتماعى ادوات التغييرالعصرية عبر الانترنت /
بيان المسئوليه,etc تاليف جيل ز. مارتن ؛ ترجمة هبة عجينة
250 ## - بيان الطبعة
بيان الطبعة ط.1
260 ## - PUBLICATION, DISTRIBUTION, ETC. (IMPRINT)
تاريخ النشر أو التوزيع 2016.
300 ## - الوصف المادى
التعداد 226 ص. ؛
أبعاد الوعاء 24 سم.
650 07 - المدخل الاضافى بالموضوع-مصطلح موضوعى
مصدر الرأس أو المصطلح qrmak
مصطلح موضوعي الانترنت
650 07 - المدخل الاضافى بالموضوع-مصطلح موضوعى
مصدر الرأس أو المصطلح qrmak
مصطلح موضوعي الاتصالات الالكترونية
651 ## - المدخل الاضافى بالموضوع - اسم جغرافى
مصدر الرأس أو المصطلح qrmak
الاسم الجغرافي الشبكات الاجتماعية
700 0# - المدخل الاضافى - اسم شخصى
الإسم الشخصى هبة عجينة
الدور مترجم
942 ## - عناصر المدخل الإضافي( كوها)
مصدر التصنيف او مخطط الترفيف Dewey Decimal Classification
Koha [default] item type كتاب
260 ## - PUBLICATION, DISTRIBUTION, ETC. (IMPRINT)
-- القاهرة :
Holdings
حالة التراجع حالة الفقد حالة تلف ليس للاعارة المكان المؤقت الموقع الحالى موقع الترفيف تاريخ الاكتساب اجمالي اﻻعارات رقم الطلب الباركود تاريخ اخر مشاهدة تاريخ تفعيل السعر نوع وعاء كوها
        مكتبة القاهرة الكبرى مكتبة القاهرة الكبرى القاعة الرئيسية 11/19/2017   004.678 / م م 163652 11/19/2017 11/19/2017 كتاب

Powered By

EGPV